Los jefes /
Zapisane w:
| 1. autor: | |
|---|---|
| Format: | Nieznany |
| Język: | Spanish |
| Wydane: |
Buenos Aires, Argentina :
J. Álvarez,
1966.
|
| Wydanie: | 2. edición |
| Hasła przedmiotowe: | |
| Etykiety: |
Dodaj etykietę
Nie ma etykietki, Dołącz pierwszą etykiete!
|
MARC
| LEADER | 000000000a22000000004500 | ||
|---|---|---|---|
| 001 | 005345 | ||
| 041 | 0 | |a spa | |
| 082 | 0 | 4 | |a Pe863.4 |b V297j2 |
| 100 | 1 | |a Vargas Llosa, Mario, |d 1936- | |
| 245 | 1 | 4 | |a Los jefes / |c Mario Vargas Llosa. |
| 250 | |a 2. edición | ||
| 260 | 1 | |a Buenos Aires, Argentina : |b J. Álvarez, |c 1966. | |
| 300 | |a 138 páginas | ||
| 650 | 4 | |a LITERATURA PERUANA | |
| 650 | 4 | |a NOVELA | |
| 999 | |c 11047 |d 11047 | ||
| 942 | |c BK |h Pe863.4 V297j2 |2 z | ||
